[Event "Tournoi Skype 022A"]
[Site "Skype"]
[Date "????.??.??"]
[Round "6.10"]
[White "Diaz, Jose Garcia"]
[Black "Karia, Vijay"]
[Result "1-0"]
[WhiteElo "1616"]
[BlackElo "1814"]
[PlyCount "81"]

1. e4 d5 2. exd5 Qxd5 3. Nc3 Qa5 4. d4 c6 5. Nf3 Nf6 6. Bd3 Bg4 7. O-O e6 8.
Ne4 Nbd7 9. h3 Bh5 10. Ng3 Bg6 11. Bxg6 hxg6 12. c4 Bd6 13. Re1 O-O-O 14. a3
Qc7 15. Ne2 Rh5 16. Nc3 Rdh8 17. b4 Bf4 18. Bxf4 Qxf4 19. Re3 g5 20. Ne2 Qc7
21. Ng3 R5h6 22. Ne5 Nxe5 23. dxe5 Nd7 24. Ne4 Nxe5 25. Nd6+ Kb8 26. Rxe5 Rd8
27. c5 f5 28. Qb3 Qd7 29. Rae1 g4 30. Rxe6 gxh3 31. gxh3 Rdh8 32. Rxh6 Rxh6 33.
Qg3 f4 34. Re8+ Kc7 35. Qxf4 Rg6+ 36. Kf1 Qxh3+ 37. Ke1 Qc3+ 38. Ke2 Qb2+ 39.
Kf3 Rf6 40. Nf5+ Kd7 41. Re7+ 1-0

[Event "Tournoi Skype 022A"]
[Site "Skype"]
[Date "????.??.??"]
[Round "6.11"]
[White "Lambert, Pierre"]
[Black "Calcino, Luis"]
[Result "0-1"]
[WhiteElo "1804"]
[BlackElo "1570"]
[PlyCount "96"]

1. e4 c5 2. Nc3 Nc6 3. g3 g6 4. Bg2 Bg7 5. d3 Rb8 6. Be3 d6 7. Qd2 b5 8. Nge2
b4 9. Nd1 Nd4 10. Nc1 e6 11. c3 bxc3 12. bxc3 Nc6 13. d4 cxd4 14. cxd4 Ba6 15.
Nc3 Nge7 16. a3 O-O 17. N1e2 Qa5 18. f4 Bxe2 19. Nxe2 Qxd2+ 20. Kxd2 Rb2+ 21.
Kd1 d5 22. Re1 Rfb8 23. Kc1 Na5 24. exd5 Nxd5 25. Bxd5 exd5 26. Bd2 Nc4 27. Bb4
a5 28. Bc3 R2b3 29. Bd2 Rxa3 30. Rxa3 Nxa3 31. Bc3 Rb1+ 32. Kd2 Rxe1 33. Kxe1
a4 34. Kd1 Nb5 35. Ba1 f5 36. Kd2 Kf7 37. Kd3 Ke6 38. Nc3 Bxd4 39. Nxb5 Bxa1
40. Na3 Bb2 41. Nc2 a3 42. Nb4 Kd6 43. Kc2 Kc5 44. Nd3+ Kc4 45. Nxb2+ axb2 46.
Kxb2 Kd3 47. Kc1 Ke2 48. Kc2 d4 0-1

[Event "Tournoi Skype 022A"]
[Site "Skype"]
[Date "????.??.??"]
[Round "6.12"]
[White "Saponara, Jose Maria"]
[Black "Chavero, Victor"]
[Result "1-0"]
[WhiteElo "1765"]
[BlackElo "1461"]
[PlyCount "61"]

1. c4 c5 2. Nc3 Nf6 3. g3 g6 4. Bg2 Bg7 5. e3 e5 6. Nge2 Nc6 7. O-O O-O 8. d4
cxd4 9. exd4 d6 10. d5 Ne7 11. a4 Bg4 12. h3 Bf5 13. g4 Bd7 14. Ng3 Qc7 15. Qe2
Rac8 16. b3 Qb6 17. Rb1 Rc5 18. Be3 Rfc8 19. Nce4 Nexd5 20. Nxf6+ Nxf6 21. b4
Qc7 22. bxc5 dxc5 23. Rxb7 Qa5 24. g5 Nh5 25. Nxh5 Bxh3 26. Bxh3 gxh5 27. Bxc8
Qxa4 28. Bxc5 Qc6 29. Qxh5 Qg6 30. Qxg6 hxg6 31. Rxa7 1-0

[Event "Tournoi Skype 022A"]
[Site "Skype"]
[Date "????.??.??"]
[Round "6.13"]
[White "Thacker, Stephen"]
[Black "Rochette, Mathieu"]
[Result "1-0"]
[WhiteElo "1693"]
[BlackElo "1699"]
[PlyCount "29"]

1. e4 c6 2. Nf3 d5 3. Nc3 dxe4 4. Nxe4 Bf5 5. Ng3 e6 6. Bc4 Nf6 7. d3 Bb4+ 8.
c3 Be7 9. d4 O-O 10. Ne5 Be4 11. O-O Bd5 12. Bd3 Qb6 13. b4 a5 14. c4 Qxd4 15.
Bxh7+ 1-0

[Event "Tournoi Skype 022A"]
[Site "Skype"]
[Date "????.??.??"]
[Round "6.15"]
[White "Thoune, Jim"]
[Black "Rugman, Dan"]
[Result "0-1"]
[WhiteElo "1741"]
[BlackElo "1597"]
[PlyCount "44"]

1. d4 Nf6 2. c4 g6 3. Nc3 d5 4. cxd5 Nxd5 5. e4 Nxc3 6. bxc3 Bg7 7. Be3 c5 8.
Bb5+ Nd7 9. Ne2 cxd4 10. cxd4 Qa5+ 11. Qd2 Qxb5 12. O-O O-O 13. Rab1 Qa4 14.
Nc3 Qa5 15. Rb5 Qd8 16. e5 a6 17. Rb3 b5 18. h4 Nb6 19. Ne4 Nc4 20. Qe2 Nxe3
21. fxe3 Bb7 22. Ng3 Bd5 0-1

[Event "Tournoi Skype 022A"]
[Site "Skype"]
[Date "????.??.??"]
[Round "6.16"]
[White "Casey, Eamonn"]
[Black "Mitrani, Alberto"]
[Result "1-0"]
[WhiteElo "1686"]
[BlackElo "1570"]
[PlyCount "58"]

1. d4 f5 2. c4 Nf6 3. Nc3 d6 4. Nf3 g6 5. Bg5 Bg7 6. e3 Nbd7 7. Be2 O-O 8. O-O
e5 9. dxe5 dxe5 10. Nd5 e4 11. Nd4 Ne5 12. Qb3 c6 13. Nf4 Qe8 14. c5+ Kh8 15.
Nfe6 Bxe6 16. Nxe6 Rf7 17. Bf4 Nd5 18. Nxg7 Kxg7 19. Bg3 Rd7 20. Rfd1 Qe7 21.
Rac1 Rad8 22. Bc4 Kf8 23. Bxd5 cxd5 24. Qc3 Nf7 25. b4 Rc8 26. b5 Qe6 27. Qb4
Ke8 28. c6 bxc6 29. Rxc6 Qxc6 1-0

[Event "Tournoi Skype 022A"]
[Site "Skype"]
[Date "????.??.??"]
[Round "6.17"]
[White "Levantini, Claudio"]
[Black "Trivedi, Viral"]
[Result "0-1"]
[WhiteElo "1432"]
[BlackElo "1679"]
[PlyCount "88"]

1. e4 e6 2. d4 d5 3. exd5 exd5 4. Bd3 Bd6 5. Nf3 Ne7 6. O-O Bf5 7. Re1 Bxd3 8.
Qxd3 Nd7 9. b3 O-O 10. Ba3 c5 11. dxc5 Nxc5 12. Bxc5 Bxc5 13. Nc3 Rc8 14. Re5
d4 15. Na4 Bd6 16. Re4 Nf5 17. Rd1 Qc7 18. Re2 g6 19. g3 b6 20. Nxd4 Nxd4 21.
Qxd4 Rcd8 22. Qe4 Rfe8 23. Qxe8+ Rxe8 24. Rxe8+ Kg7 25. c4 Qc6 26. Rde1 Bb4 27.
R1e2 b5 28. cxb5 Qxb5 29. Nb2 Qd7 30. R8e4 a5 31. R4e3 Qf5 32. Nd3 Bd6 33. Nb2
Bc5 34. Rd3 Ba3 35. Rdd2 Bb4 36. Rc2 h5 37. Nc4 h4 38. a3 Bc3 39. Rxc3 h3 40.
Rc1 Qf3 41. Ne3 Qxe2 42. b4 axb4 43. axb4 Qb2 44. f4 Qxc1+ 0-1

[Event "Tournoi Skype 022A"]
[Site "Skype"]
[Date "????.??.??"]
[Round "6.18"]
[White "Vello, Pablo"]
[Black "Martinez, Jose Abel"]
[Result "0-1"]
[WhiteElo "1424"]
[BlackElo "1669"]
[PlyCount "58"]

1. d4 e6 2. Bf4 d6 3. Nf3 Nf6 4. e3 Nbd7 5. h3 g6 6. c4 Bg7 7. Nc3 O-O 8. Be2
Re8 9. O-O e5 10. dxe5 dxe5 11. Nxe5 c6 12. Nf3 Ne4 13. Nxe4 Rxe4 14. Rb1 Re8
15. Qc2 Nf6 16. Rfd1 Qb6 17. Qb3 Qxb3 18. axb3 Ne4 19. Nd2 Nc5 20. Bd6 Na6 21.
Nf3 c5 22. Bd3 Nb4 23. Bxc5 Nxd3 24. Rxd3 Bf5 25. Rbd1 Bxd3 26. Rxd3 Bxb2 27.
Nd2 b6 28. Bd6 Rad8 29. f4 Ba3 0-1

[Event "Tournoi Skype 022A"]
[Site "Skype"]
[Date "????.??.??"]
[Round "6.19"]
[White "Vasquez, Oscar"]
[Black "Kruk, Clementine"]
[Result "1-0"]
[WhiteElo "1600"]
[BlackElo "1559"]
[PlyCount "59"]

1. c4 e5 2. Nc3 Nc6 3. Nf3 Nf6 4. g3 Be7 5. Bg2 d6 6. O-O Bf5 7. d3 Qd7 8. a3
h6 9. b4 Bh3 10. b5 Na5 11. Qa4 Bxg2 12. Kxg2 b6 13. Bd2 O-O 14. Rfc1 c6 15.
Qd1 Rfc8 16. a4 d5 17. bxc6 Nxc6 18. cxd5 Nxd5 19. Qb3 Bb4 20. Qxd5 Qxd5 21.
Nxd5 Bc5 22. Be3 Nd4 23. Bxd4 exd4 24. Rc4 Rd8 25. Nc7 Rac8 26. Nb5 Rd7 27.
Nbxd4 Bxd4 28. Rxc8+ Kh7 29. Nxd4 Rxd4 30. Rc7 1-0

[Event "Tournoi Skype 022A"]
[Site "Skype"]
[Date "????.??.??"]
[Round "6.20"]
[White "Yeter, Orhan"]
[Black "Alvarez, Rafael Andres"]
[Result "1-0"]
[WhiteElo "1635"]
[BlackElo "1578"]
[PlyCount "103"]

1. e4 d5 2. exd5 Qxd5 3. Nc3 Qa5 4. d4 Nf6 5. Bd2 c6 6. Nf3 Bf5 7. Bc4 e6 8.
O-O Nbd7 9. Re1 O-O-O 10. a3 Qc7 11. b4 h5 12. b5 c5 13. Be3 Nb6 14. Qe2 Bxc2
15. dxc5 Bxc5 16. Bxc5 Qxc5 17. Bxe6+ fxe6 18. Qxc2 Ng4 19. Rac1 Rhe8 20. Na4
Qxc2 21. Nxb6+ axb6 22. Rxc2+ Kb8 23. h3 Nf6 24. Rce2 Rd3 25. Re3 Rd6 26. Ng5
Rd5 27. Re5 g6 28. a4 Kc7 29. Rxe6 Rxe6 30. Nxe6+ Kd6 31. Nf4 Rg5 32. Re6+ Kc5
33. Rxf6 Kb4 34. Rxb6 Kxa4 35. Rxb7 Rxb5 36. Rxb5 Kxb5 37. Nxg6 Kc6 38. g4 hxg4
39. hxg4 Kd5 40. Kg2 Ke6 41. Kg3 Kf6 42. Nh4 Kg5 43. f4+ Kf6 44. g5+ Kg7 45.
Kg4 Kf7 46. Kh5 Kg7 47. f5 Kh7 48. f6 Kg8 49. Kh6 Kh8 50. g6 Kg8 51. f7+ Kf8
52. Kh7 1-0

[Event "Tournoi Skype 022A"]
[Site "Skype"]
[Date "????.??.??"]
[Round "6.21"]
[White "Sepulveda, Lyda Marcela"]
[Black "Martin, Jean-Claude"]
[Result "1-0"]
[WhiteElo "1624"]
[BlackElo "1531"]
[PlyCount "51"]

1. e4 d5 2. exd5 Qxd5 3. Nc3 Qa5 4. d4 Nf6 5. Nf3 Bg4 6. Bc4 e6 7. h3 Bh5 8. g4
Bg6 9. Ne5 Be4 10. f3 Bd5 11. Bb5+ Bc6 12. Nc4 Qb4 13. a3 Qe7 14. Bf4 Bxb5 15.
Nxb5 Qd7 16. Nxc7+ Kd8 17. Nxa8 Nc6 18. Ne5 Nxe5 19. Bxe5 Bd6 20. Qe2 Bxe5 21.
Qxe5 Qc8 22. g5 Nh5 23. O-O-O Qxa8 24. d5 Kc8 25. Rd3 Qb8 26. Rc3+ 1-0

[Event "Tournoi Skype 022A"]
[Site "Skype"]
[Date "????.??.??"]
[Round "6.22"]
[White "Gharbi, Said"]
[Black "Sauvaget, Joel"]
[Result "1-0"]
[WhiteElo "1576"]
[BlackElo "1616"]
[PlyCount "129"]

1. e4 e5 2. Nf3 d6 3. Bc4 h6 4. d4 exd4 5. Nxd4 Be7 6. Qh5 g6 7. Qd5 Rh7 8. Nc3
Nf6 9. Qb5+ c6 10. Qb3 Nbd7 11. Bf4 Ne5 12. Bxe5 dxe5 13. Nf3 Bd6 14. O-O-O Qe7
15. h3 Bc5 16. Rd2 Nh5 17. Rhd1 Bb6 18. Na4 Bc7 19. Qe3 b5 20. Bxf7+ Kxf7 21.
Nc5 Nf6 22. Qb3+ Ke8 23. g4 Qxc5 24. g5 hxg5 25. Nxg5 Rg7 26. Ne6 Bxe6 27.
Qxe6+ Qe7 28. Qxc6+ Kf8 29. Qxa8+ Qe8 30. Qxa7 Nxe4 31. Re2 Nd6 32. Qc5 Qe6 33.
Re3 Kg8 34. Rxe5 Qxa2 35. Qd5+ Qxd5 36. Rdxd5 Nf5 37. Re8+ Kh7 38. Rxb5 Nd6 39.
Rbe5 Nxe8 40. Rxe8 Bb6 41. f3 Rd7 42. Rf8 Kg7 43. Rb8 Be3+ 44. Kb1 Rd1+ 45. Ka2
Rd7 46. Re8 Bd4 47. c3 Bf6 48. c4 Kf7 49. Re2 Rc7 50. Re4 Rd7 51. Re2 Rd3 52.
Rf2 Rd4 53. Rc2 Ke7 54. c5 Kd7 55. c6+ Kc7 56. Kb3 Rd3+ 57. Kc4 Rxf3 58. Rh2
Kxc6 59. b4 Rf1 60. b5+ Kb6 61. Ra2 Rc1+ 62. Kb4 Bc3+ 63. Ka4 Ba5 64. Rb2 Rc4+
65. Ka3 1-0

[Event "Tournoi Skype 022A"]
[Site "Skype"]
[Date "????.??.??"]
[Round "6.23"]
[White "Bendre, Pankaj"]
[Black "Calderon, Job"]
[Result "0-1"]
[WhiteElo "1554"]
[BlackElo "1600"]
[PlyCount "42"]

1. e4 e5 2. Nf3 Nc6 3. Bc4 Bc5 4. b4 Bxb4 5. c3 Bc5 6. O-O Nf6 7. d4 Bd6 8. d5
Ne7 9. Re1 O-O 10. Bb2 Ng6 11. Bb3 Bc5 12. h3 d6 13. Bc2 Nf4 14. Kh2 Bxf2 15.
Rf1 Bc5 16. c4 N6h5 17. Nc3 Qf6 18. Ne2 Qg6 19. Nxf4 Qg3+ 20. Kh1 Nxf4 21. Qe2
Nxe2 0-1

[Event "Tournoi Skype 022A"]
[Site "Skype"]
[Date "????.??.??"]
[Round "6.24"]
[White "Castillo, Jesus"]
[Black "Mordaa, Ahmad"]
[Result "0-1"]
[WhiteElo "1600"]
[BlackElo "1467"]
[PlyCount "72"]

1. e4 e5 2. Nf3 Nc6 3. Bb5 a6 4. Ba4 Nf6 5. O-O b5 6. Bb3 Bc5 7. Re1 O-O 8. c3
d6 9. d4 exd4 10. cxd4 Bb4 11. Nc3 Bg4 12. e5 dxe5 13. dxe5 Qxd1 14. Bxd1 Bxc3
15. bxc3 Nd7 16. Bf4 Rae8 17. h3 Bxf3 18. Bxf3 Ncxe5 19. Bd5 c6 20. Bxe5 Nxe5
21. Bb3 Nd3 22. Rxe8 Rxe8 23. Bc2 Nf4 24. Bf5 c5 25. Rd1 Ne2+ 26. Kf1 Nxc3 27.
Rc1 b4 28. Rc2 g6 29. Bd7 Re7 30. Bc8 a5 31. a3 Re8 32. Bd7 Rd8 33. axb4 cxb4
34. Bg4 f5 35. Bf3 a4 36. Bc6 Rd1# 0-1

[Event "Tournoi Skype 022A"]
[Site "Skype"]
[Date "????.??.??"]
[Round "6.25"]
[White "Yardimci, Ertan"]
[Black "Perez Fermin, Jose"]
[Result "1/2-1/2"]
[WhiteElo "1501"]
[BlackElo "1590"]
[PlyCount "62"]

1. d4 Nf6 2. c4 d5 3. Nf3 c6 4. Nc3 Nbd7 5. Bg5 h6 6. Bh4 e6 7. cxd5 cxd5 8. a3
Be7 9. e3 a6 10. Be2 b5 11. Rc1 Bb7 12. Bg3 Rc8 13. h3 O-O 14. O-O Nb6 15. Nd2
Bd6 16. Bxd6 Qxd6 17. Nf3 Rc7 18. Ne5 Rfc8 19. Bd3 Nbd7 20. Nxd7 Qxd7 21. Qe2
Qe7 22. Rcd1 b4 23. axb4 Qxb4 24. Ra1 a5 25. Nb5 Re7 26. Nc3 Bc6 27. Bb5 Bxb5
28. Qxb5 Qxb5 29. Nxb5 Rb8 30. Rxa5 Reb7 31. Nc3 Rxb2 1/2-1/2

[Event "Tournoi Skype 022A"]
[Site "Skype"]
[Date "????.??.??"]
[Round "6.26"]
[White "Perrone, Gabriel Lorenzo"]
[Black "Khunte, Aniruddha"]
[Result "1/2-1/2"]
[WhiteElo "1505"]
[BlackElo "1586"]
[PlyCount "113"]

1. d4 d5 2. c4 e5 3. Nc3 Bb4 4. a3 Bxc3+ 5. bxc3 dxc4 6. e3 b5 7. a4 c6 8. Be2
Nf6 9. Ba3 a6 10. Qc2 Qd5 11. Nf3 Nbd7 12. O-O c5 13. Rfd1 e4 14. Nd2 O-O 15.
Nf1 Re8 16. dxc5 Qg5 17. c6 Ne5 18. c7 Bh3 19. Ng3 Bg4 20. axb5 axb5 21. Bb2
Nd3 22. Rxa8 Rxa8 23. Ra1 Rxa1+ 24. Bxa1 Bc8 25. Qb1 Qe5 26. h3 Qxc7 27. Qxb5
Bd7 28. Qa6 Qc8 29. Qa2 Be6 30. Bb2 Nxb2 31. Qxb2 Qc7 32. Qc2 Qe5 33. Qd2 Qd5
34. Qb2 Qd6 35. Qa2 Qc6 36. Qb2 Qd6 37. Qb4 Qxb4 38. cxb4 c3 39. Bd1 Bc4 40.
Bc2 Bd3 41. Bd1 c2 42. Bxc2 Bxc2 43. Ne2 Bd3 44. Nd4 Nd5 45. b5 Kf8 46. f3 exf3
47. gxf3 Nb4 48. Kf2 Nd5 49. e4 Nb6 50. Ke3 Bc4 51. Kd2 Ke8 52. Kc3 Kd7 53. Kb4
Kc7 54. Kc5 Bf1 55. h4 h6 56. Nf5 Nd7+ 57. Kb4 1/2-1/2

[Event "Tournoi Skype 022A"]
[Site "Skype"]
[Date "????.??.??"]
[Round "6.27"]
[White "Alvarez, Juan Evangelista"]
[Black "Fernandez Cabello, Emilio"]
[Result "0-1"]
[WhiteElo "1573"]
[BlackElo "1685"]
[PlyCount "38"]

1. Nf3 g6 2. e4 Bg7 3. d4 d6 4. Nc3 Nd7 5. Qd3 c6 6. Bf4 c5 7. d5 Ngf6 8. O-O-O
Ng4 9. Bg3 O-O 10. h3 Nge5 11. Nxe5 Nxe5 12. Qe2 Qa5 13. f4 Nd7 14. e5 Nb6 15.
Ne4 Qxa2 16. Rd3 Nc4 17. c3 Qa1+ 18. Kc2 Qxb2+ 19. Kd1 Qb1# 0-1

[Event "Tournoi Skype 022A"]
[Site "Skype"]
[Date "????.??.??"]
[Round "6.28"]
[White "Mulrooney, Justin"]
[Black "Le Brun, Yves"]
[Result "1-0"]
[WhiteElo "1622"]
[BlackElo "1491"]
[PlyCount "39"]

1. e4 e5 2. Nf3 d6 3. Bc4 h6 4. c3 Be7 5. d4 Nd7 6. Be3 Ngf6 7. Nbd2 O-O 8. O-O
c6 9. Nh4 Kh7 10. Nf5 d5 11. Bd3 Rg8 12. exd5 g6 13. Nxh6 cxd5 14. Nxg8 Qxg8
15. dxe5 Nxe5 16. Bc2 Be6 17. Nf3 Nxf3+ 18. Qxf3 b6 19. Bd4 Nh5 20. Qxh5# 1-0

[Event "Tournoi Skype 022A"]
[Site "Skype"]
[Date "????.??.??"]
[Round "6.29"]
[White "Carballo, Jorge"]
[Black "Salazar Ticeran, Antonio"]
[Result "0-1"]
[WhiteElo "1589"]
[BlackElo "1611"]
[PlyCount "52"]

1. d4 Nf6 2. Nf3 g6 3. c4 Bg7 4. Nc3 O-O 5. e4 d6 6. Be2 Bg4 7. O-O Nbd7 8. Bg5
Bxf3 9. Bxf3 e5 10. dxe5 Nxe5 11. Nd5 c6 12. Nxf6+ Bxf6 13. Bxf6 Qxf6 14. Rb1
Nxc4 15. Be2 Nb6 16. a4 Rfe8 17. a5 Nd7 18. f3 b6 19. b4 bxa5 20. bxa5 Rab8 21.
Qc2 Nc5 22. Rxb8 Rxb8 23. Rb1 Qd4+ 24. Kh1 Rb4 25. Rxb4 Qxb4 26. Qa2 Qe1+ 0-1

[Event "Tournoi Skype 022A"]
[Site "Skype"]
[Date "????.??.??"]
[Round "6.32"]
[White "Hague, Mark"]
[Black "Luna Perez Vico, Lorenzo"]
[Result "1-0"]
[WhiteElo "1581"]
[BlackElo "1554"]
[PlyCount "91"]

1. d4 Nf6 2. Nf3 d5 3. e3 Bf5 4. Bd3 Bxd3 5. Qxd3 e6 6. Ne5 c6 7. Nc3 Nbd7 8.
f4 Be7 9. O-O Nf8 10. Bd2 N6d7 11. Qe2 f6 12. Ng4 h5 13. Nf2 f5 14. Nh3 g6 15.
Rf3 Bf6 16. Raf1 Qe7 17. Nf2 g5 18. fxg5 Bxg5 19. Nd3 Ng6 20. Be1 h4 21. Rh3
Kf7 22. Nd1 Raf8 23. Qf3 Kg7 24. b3 e5 25. dxe5 Ndxe5 26. Nxe5 Nxe5 27. Qe2 Ng4
28. Bc3+ Bf6 29. Bxf6+ Rxf6 30. Qd3 Qe4 31. Qxe4 dxe4 32. Rf4 Kg6 33. Nf2 Nxf2
34. Kxf2 Kg5 35. g3 Rfh6 36. gxh4+ Rxh4 37. Rhxh4 Rxh4 38. Rxh4 Kxh4 39. Kg2 b6
40. c4 c5 41. a4 a6 42. Kf2 Kg4 43. h3+ Kg5 44. Ke2 Kh4 45. Kf1 Kxh3 46. Kf2
1-0

[Event "Tournoi Skype 022A"]
[Site "Skype"]
[Date "????.??.??"]
[Round "7.2"]
[White "Hilton, Stephen"]
[Black "Deville, Olivier"]
[Result "1-0"]
[WhiteElo "1892"]
[BlackElo "1991"]
[PlyCount "63"]

1. d4 Nf6 2. c4 e6 3. Nc3 Bb4 4. e3 O-O 5. Bd3 b6 6. Nge2 Bb7 7. O-O d5 8. Ng3
Nbd7 9. cxd5 Nxd5 10. Nxd5 Bxd5 11. e4 Bb7 12. Be3 c5 13. a3 cxd4 14. Bxd4 Bc5
15. Bc3 Nf6 16. Qe2 Be7 17. Rfd1 Qb8 18. Nh5 Nxh5 19. Qxh5 Qf4 20. Bd2 Qh4 21.
Qxh4 Bxh4 22. Bb4 Rfd8 23. e5 Rd5 24. g3 Bg5 25. f4 Bh6 26. Bc4 Rdd8 27. Be7
Rdc8 28. Rd4 Rc7 29. Bd6 Rc6 30. Rad1 Rac8 31. Be7 g6 32. Rd8+ 1-0

[Event "Tournoi Skype 022A"]
[Site "Skype"]
[Date "????.??.??"]
[Round "7.3"]
[White "Rico Hernandez, Edgar"]
[Black "Dal, Ibrahim"]
[Result "1-0"]
[WhiteElo "1861"]
[BlackElo "1838"]
[PlyCount "107"]

1. d4 c6 2. c4 d5 3. Nc3 e6 4. e3 Nf6 5. Nf3 Nbd7 6. Bd3 dxc4 7. Bxc4 b5 8. Bd3
Bb7 9. O-O a6 10. Qe2 c5 11. Rd1 c4 12. Bc2 Qc7 13. h3 Bd6 14. e4 e5 15. d5 h6
16. Be3 b4 17. Na4 O-O 18. Rac1 c3 19. Bb1 Qa5 20. b3 Qc7 21. Nh4 Nc5 22. Nxc5
Bxc5 23. Nf5 Bxe3 24. Qxe3 Kh7 25. g4 Bc8 26. g5 hxg5 27. Qxg5 Bxf5 28. Qxf5+
Kg8 29. Kh2 Qd6 30. Rg1 Ne8 31. Rg5 f6 32. Rh5 Qc5 33. Bc2 Nd6 34. Qf3 Nb5 35.
Rg1 Ra7 36. Qe3 Qxe3 37. fxe3 Na3 38. Rg2 Nxc2 39. Rxc2 g6 40. Rh4 g5 41. Rg4
Kf7 42. h4 Rh8 43. Kg3 gxh4+ 44. Rxh4 Rxh4 45. Kxh4 a5 46. Kg4 a4 47. bxa4 Rxa4
48. Kf3 Ke7 49. Ke2 Kd6 50. Kd3 Kc5 51. Rf2 Ra6 52. Rg2 Kb5 53. Rh2 Rd6 54. Rb2
1-0

[Event "Tournoi Skype 022A"]
[Site "Skype"]
[Date "????.??.??"]
[Round "7.5"]
[White "Siret, Bernard"]
[Black "Engstrom, Olle"]
[Result "1-0"]
[WhiteElo "2019"]
[BlackElo "1772"]
[PlyCount "45"]

1. e4 e5 2. Nf3 Nc6 3. Bc4 Nf6 4. Ng5 Bc5 5. Nxf7 Bxf2+ 6. Kf1 Qe7 7. Nxh8 d5
8. exd5 Nd4 9. h3 Qf8 10. d6 Qxh8 11. c3 Qf8 12. d3 Ng4 13. cxd4 Bg3+ 14. Qf3
Qxf3+ 15. gxf3 Nh2+ 16. Rxh2 Bxh2 17. Kg2 Bf4 18. Na3 a6 19. Bd5 cxd6 20. Bxf4
exf4 21. Re1+ Kf8 22. Nc4 Bf5 23. Be4 1-0

[Event "Tournoi Skype 022A"]
[Site "Skype"]
[Date "????.??.??"]
[Round "7.6"]
[White "Benson, Paul"]
[Black "Saponara, Jose Maria"]
[Result "1-0"]
[WhiteElo "2015"]
[BlackElo "1765"]
[PlyCount "61"]

1. e4 Nf6 2. Nc3 d6 3. d4 g6 4. g3 Bg7 5. Bg2 O-O 6. Nge2 c5 7. O-O Nc6 8. d5
Nb4 9. a3 Na6 10. h3 Nc7 11. a4 b6 12. f4 Rb8 13. g4 Bd7 14. Ng3 Qc8 15. f5 Be8
16. h4 Nd7 17. h5 Ne5 18. Bf3 Bd7 19. Kg2 Ne8 20. Rh1 a6 21. Qg1 Nf6 22. hxg6
fxg6 23. Qh2 Kf7 24. Bf4 Nfxg4 25. Bxg4 Nxg4 26. Qxh7 Ne5 27. Bxe5 dxe5 28.
Qxg6+ Kg8 29. Rh7 Rf7 30. Rah1 Kf8 31. Rh8+ 1-0

[Event "Tournoi Skype 022A"]
[Site "Skype"]
[Date "????.??.??"]
[Round "7.7"]
[White "Lopez, Jose Luis"]
[Black "Diaz, Jose Garcia"]
[Result "0-1"]
[WhiteElo "1897"]
[BlackElo "1616"]
[PlyCount "76"]

1. e4 d6 2. d4 Bd7 3. Nc3 e5 4. Nf3 exd4 5. Nxd4 Nf6 6. Bg5 Be7 7. h3 Nxe4 8.
Nxe4 Bxg5 9. Bd3 O-O 10. Qh5 Re8 11. O-O h6 12. f4 Bf6 13. Nf5 Bxf5 14. Qxf5
Bd4+ 15. Kh1 Nc6 16. c3 Ne7 17. Qb5 Bb6 18. f5 c6 19. Qb3 d5 20. Ng3 Qd6 21.
Rf3 c5 22. c4 Nc6 23. Ne2 Ne5 24. Rg3 d4 25. Rf1 Nxd3 26. Qxd3 Rxe2 27. f6 g5
28. Rxg5+ hxg5 29. Qxe2 Bc7 30. Kg1 Qh2+ 31. Kf2 Qf4+ 32. Ke1 Qe3 33. Qxe3 dxe3
34. Rf5 Bf4 35. Ke2 Rd8 36. g3 Rd2+ 37. Kf3 e2 38. Kf2 Bxg3+ 0-1

[Event "Tournoi Skype 022A"]
[Site "Skype"]
[Date "????.??.??"]
[Round "7.9"]
[White "Calcino, Luis"]
[Black "Slagle, Jim"]
[Result "0-1"]
[WhiteElo "1570"]
[BlackElo "1800"]
[PlyCount "79"]

1. d4 c5 2. Nf3 cxd4 3. Nxd4 e5 4. Nb3 d5 5. g3 Be6 6. Bg2 Nc6 7. Bd2 Nf6 8. a4
Rc8 9. a5 Be7 10. h3 Qd7 11. Na3 O-O 12. g4 Ne8 13. g5 f5 14. f4 Nc7 15. c3 h6
16. h4 hxg5 17. hxg5 Kf7 18. Bf3 Bxa3 19. Rxa3 Rh8 20. Nc5 Rxh1+ 21. Bxh1 Rh8
22. Bf3 Qc8 23. Nxe6 Qxe6 24. Qb3 Nd8 25. Be3 e4 26. Bg2 Rh2 27. Kf2 Qg6 28. c4
Qh5 29. Bxa7 Qg4 30. Qg3 dxc4 31. Qxh2 Nb5 32. Bc5 Nxa3 33. Bxa3 Ne6 34. Qg3
Nxf4 35. Qxg4 fxg4 36. Bxe4 g3+ 37. Kxg3 Nxe2+ 38. Kf2 Nf4 39. Bxb7 Kg6 40. a6
0-1

[Event "Tournoi Skype 022A"]
[Site "Skype"]
[Date "????.??.??"]
[Round "7.10"]
[White "Rugman, Dan"]
[Black "Segura Lozano, Marcos Antonio"]
[Result "0-1"]
[WhiteElo "1597"]
[BlackElo "1825"]
[PlyCount "68"]

1. e4 d6 2. d4 g6 3. Nc3 Bg7 4. Bc4 Nd7 5. Nf3 c6 6. Ng5 Nh6 7. Bxf7+ Nxf7 8.
Ne6 Qa5 9. Nxg7+ Kf8 10. Ne6+ Kg8 11. O-O Nf6 12. d5 Bxe6 13. dxe6 Nd8 14. Bh6
Nxe6 15. Qe2 Qc5 16. Be3 Nd4 17. Qd2 e5 18. Qd3 h5 19. f4 Ng4 20. Kh1 Nxe3 21.
Qxe3 Nxc2 22. Qxc5 dxc5 23. Rac1 Ne3 24. Rf3 exf4 25. Rxf4 Rd8 26. e5 Kg7 27.
Re1 Nf5 28. Kg1 Rhe8 29. g4 hxg4 30. Rxg4 Rd3 31. h4 Rg3+ 32. Rxg3 Nxg3 33. Kg2
Nf5 34. Kf3 Nxh4+ 0-1

[Event "Tournoi Skype 022A"]
[Site "Skype"]
[Date "????.??.??"]
[Round "7.11"]
[White "Murgia, Stefano"]
[Black "Casey, Eamonn"]
[Result "0-1"]
[WhiteElo "1729"]
[BlackElo "1686"]
[PlyCount "70"]

1. e4 e6 2. d4 d5 3. Nc3 Nf6 4. e5 Nfd7 5. f4 c5 6. Be3 a6 7. Nf3 Nc6 8. Qd2
Be7 9. dxc5 Bxc5 10. O-O-O Bxe3 11. Qxe3 Qb6 12. Qe1 Nc5 13. Ng5 h6 14. Qh4 O-O
15. Nf3 d4 16. Ne2 Na4 17. b3 Nc3 18. Nxc3 dxc3 19. Rd3 Nb4 20. Rxc3 Nxa2+ 21.
Kb2 Nxc3 22. Kxc3 Bd7 23. g4 Bc6 24. g5 Bxf3 25. gxh6 Rfc8+ 26. Kb2 Qd4+ 27.
Kb1 Bxh1 28. Qg5 Qd1+ 29. Kb2 Rxc2+ 30. Ka3 Qa1+ 31. Kb4 a5+ 32. Kb5 Bc6+ 33.
Kb6 Qd4+ 34. Kc7 Qd7+ 35. Kb6 Ra6+ 0-1

[Event "Tournoi Skype 022A"]
[Site "Skype"]
[Date "????.??.??"]
[Round "7.12"]
[White "Trivedi, Viral"]
[Black "L'Herbon De Lussats, Jean"]
[Result "1-0"]
[WhiteElo "1679"]
[BlackElo "1507"]
[PlyCount "79"]

1. d4 Nf6 2. Bf4 g6 3. Nf3 Bg7 4. e3 O-O 5. Nbd2 d6 6. Be2 Nd5 7. Bg3 Nd7 8. h4
h5 9. e4 Nb4 10. c3 Nc6 11. Qc2 e6 12. Ng5 d5 13. exd5 exd5 14. Bf4 Qe7 15.
Ndf3 Re8 16. Qd3 b6 17. Be3 a5 18. O-O-O Ba6 19. Qd2 b5 20. Ne5 Ncxe5 21. dxe5
c6 22. Bd4 Bxe5 23. Bxe5 Nxe5 24. Rhe1 Qf6 25. f4 Nc4 26. Qd3 Ne3 27. Rd2 Nxg2
28. Rg1 Nxf4 29. Rf1 b4 30. Qf3 Bxe2 31. Qxf4 Qxf4 32. Rxf4 Bc4 33. Rxf7 bxc3
34. bxc3 d4 35. Rc7 dxc3 36. Rdd7 Re1+ 37. Kc2 Rf8 38. Rg7+ Kh8 39. Rh7+ Kg8
40. Rcg7# 1-0

[Event "Tournoi Skype 022A"]
[Site "Skype"]
[Date "????.??.??"]
[Round "7.13"]
[White "Martinez, Jose Abel"]
[Black "Vasquez, Oscar"]
[Result "1-0"]
[WhiteElo "1669"]
[BlackElo "1600"]
[PlyCount "47"]

1. d4 d5 2. Nf3 Nf6 3. c3 c6 4. Bg5 Nbd7 5. Nbd2 e6 6. e3 Be7 7. Bd3 O-O 8. O-O
b6 9. Re1 Re8 10. e4 dxe4 11. Nxe4 Bb7 12. Bxf6 Bxf6 13. Nd6 Qc7 14. Nxe8 Rxe8
15. Qe2 c5 16. Be4 cxd4 17. Bxb7 Qxb7 18. cxd4 Be7 19. Qe4 Qb8 20. Rac1 Nf6 21.
Qe5 Bd6 22. Qb5 Ng4 23. g3 Qb7 24. Qxe8+ 1-0

[Event "Tournoi Skype 022A"]
[Site "Skype"]
[Date "????.??.??"]
[Round "7.14"]
[White "Karia, Vijay"]
[Black "Sepulveda, Lyda Marcela"]
[Result "0-1"]
[WhiteElo "1814"]
[BlackElo "1624"]
[PlyCount "80"]

1. e4 e5 2. Bc4 Bc5 3. Nc3 Nf6 4. d3 c6 5. Nf3 d6 6. Bg5 Nbd7 7. O-O O-O 8. d4
exd4 9. Nxd4 Ne5 10. Bb3 h6 11. Bh4 Ng6 12. Bg3 Re8 13. Qd3 Nh5 14. Nde2 Nxg3
15. Nxg3 Ne5 16. Qd2 Bb6 17. Kh1 Be6 18. f4 Nc4 19. Qc1 Be3 20. Qe1 Bd2 21. Qe2
Bxc3 22. bxc3 b5 23. f5 Bd5 24. Qg4 Ne3 25. Qf4 Nxf1 26. exd5 Nxg3+ 27. Qxg3 c5
28. c4 a6 29. cxb5 Qf6 30. Rf1 axb5 31. c4 b4 32. h3 Re5 33. Bc2 Rae8 34. Rf4
Re2 35. Bb3 R8e5 36. Qg4 Re1+ 37. Kh2 Rc1 38. h4 Ree1 39. Qf3 Rh1+ 40. Kg3 Rc3
0-1